000
00269nam a2200133Ia 4500
100
_a
#N/A
650
_a
Computers
942
_c
BK
654
_a
ORACLE-DATABASE
245
_a
ORACLE 8 DATABASE DEVELOPMENT
260
_b
Techmedia
082
_b
SAM
546
_a
ENGLISH
999
_c
18459
_d
18459